000 00613cam a2200241 4500
008 090401t1996 xxu||||| |||| 00| 0 eng d
020 _a1853963054
035 _a(Sirsi) u53541
041 _aeng
050 _a711.1094
100 _aWilliams, R. H.
245 _aEuropean Union spatial policy and planning.
260 _aLondon
_bPaul Chapman Publishing
_c1996
300 _axvi,283p. ; 24cm.
350 _a16.95
650 _aEUROPE
650 _aPLANNING POLICY
650 _aPLANNING
650 _aSPATIAL PLANNING
690 _aPLANNING LAW AND PRACTICE
942 _n0
948 _c04/03/1997
999 _c93289
_d93289